| 000 | 01037cam a2200349 a 4500 | ||
|---|---|---|---|
| 001 | 12836033 | ||
| 003 | PILC | ||
| 005 | 20160112150426.0 | ||
| 008 | 020628s2000 enk d 000 1 eng d | ||
| 010 | _a 2002391664 | ||
| 015 | _aGB99-V2775 | ||
| 020 | _a9780142301524 | ||
| 035 | _a(OCoLC)ocm42700875 | ||
| 040 |
_aUKM _cUKM _dDLC |
||
| 042 |
_alcac _alccopycat |
||
| 050 | 0 | 0 |
_aPZ 7 _b.L5149 2000 |
| 082 | 0 | 0 |
_aFIC _bL51w 2000 |
| 100 | 1 |
_aLee, Tanith. _920524 |
|
| 245 | 1 | 0 |
_aWolf star rise _cTanith Lee. |
| 260 |
_aNew York : _bPuffin Books, _cc2000. |
||
| 300 |
_a232,14 p. ; _c20 cm. |
||
| 562 | _e1 | ||
| 586 | _aShortlisted for the Guardian Children's Fiction Award. | ||
| 650 | 0 |
_aClaidi (Fictitious character : Lee) _vJuvenile fiction. _920525 |
|
| 650 | 1 |
_aOrphans _vFiction. _920526 |
|
| 650 | 1 |
_aDiaries _vFiction. _920527 |
|
| 650 | 1 |
_aFantasy. _93293 |
|
| 906 |
_a7 _bcbc _ccopycat _d2 _encip _f20 _gy-gencatlg |
||
| 942 |
_2lcc _cBK |
||
| 999 |
_c11534 _d11534 |
||